[Event "Pan American-ch School U11 12th"]
[Site "Callao"]
[Date "2023.10.21"]
[Round "9"]
[White "Torales G, Ivan Alejandro B"]
[Black "Cortez Chuviru, Gael Marbel"]
[Result "1-0"]
[WhiteElo "1728"]
[BlackElo "1233"]
[PlyCount "31"]
[EventDate "2023.10.16"]
[EventType "swiss"]
[EventRounds "9"]
[EventCountry "PER"]
[SourceTitle "CB48_2023"]
[SourceDate "2023.11.29"]
[SourceVersion "1"]
[SourceVersionDate "2023.11.29"]
[SourceQuality "1"]

1. e4 e6 2. d4 d5 3. exd5 exd5 4. c4 Nf6 5. Nc3 Bb4 6. Nf3 0-0 7. Be2 Ne4 8. Qb3 Bxc3+ 9. bxc3 dxc4 10. Bxc4 Nc6 11. Bd3 Re8 12. 0-0 b6 13. Ba3 Bg4 14. Qb5 Qf6 15. Ne5 Nd2 16. Nxg4 1-0

[Event "Asuncion CIT op"]
[Site "Asuncion"]
[Date "2023.08.15"]
[Round "6"]
[White "Allo Collante, Violeta"]
[Black "Torales G, Ivan Alejandro B"]
[Result "0-1"]
[WhiteElo "1283"]
[BlackElo "1677"]
[PlyCount "60"]
[EventDate "2023.08.12"]
[EventType "swiss"]
[EventRounds "9"]
[EventCountry "PAR"]
[SourceTitle "CBM 215 Extra"]
[Source "ChessBase"]
[SourceDate "2023.09.30"]
[SourceVersion "1"]
[SourceVersionDate "2023.09.30"]
[SourceQuality "1"]

1. d4 d5 2. c4 c6 3. Nf3 Nf6 4. e3 Bg4 5. Be2 e6 6. Ne5 Bxe2 7. Qxe2 Nbd7 8. Nf3 Be7 9. Nc3 0-0 10. 0-0 Qc7 11. cxd5 cxd5 12. e4 dxe4 13. Nxe4 Nxe4 14. Qxe4 Nf6 15. Qe2 Rfd8 16. Bg5 h6 17. Bh4 Rac8 18. Rac1 Qxc1 19. Rxc1 Rxc1+ 20. Ne1 Rxd4 21. g3 Re4 22. Qb5 Rexe1+ 23. Kg2 g5 24. Bxg5 a6 25. Qxb7 hxg5 26. h3 Bc5 27. Qf3 Rg1+ 28. Kh2 Rh1+ 29. Qxh1 Rxh1+ 30. Kxh1 Bxf2 0-1

[Event "PAR-ch U20"]
[Site "Asuncion"]
[Date "2023.06.03"]
[Round "4"]
[White "Torales G, Ivan Alejandro B"]
[Black "Lugo Martinez, Jimena Sofia"]
[Result "1-0"]
[WhiteElo "1644"]
[BlackElo "1338"]
[PlyCount "103"]
[EventDate "2023.06.02"]
[EventType "swiss"]
[EventRounds "7"]
[EventCountry "PAR"]
[SourceTitle "CBM 214 Extra"]
[Source "ChessBase"]
[SourceDate "2023.07.31"]
[SourceVersion "1"]
[SourceVersionDate "2023.07.31"]
[SourceQuality "1"]

1. e4 e5 2. Nf3 Nc6 3. d4 exd4 4. Nxd4 Bc5 5. Nxc6 Qf6 6. Qf3 dxc6 7. Nc3 Qxf3 8. gxf3 Be6 9. Rg1 g6 10. Be3 Bxe3 11. fxe3 0-0-0 12. Bd3 Ne7 13. 0-0-0 Kb8 14. Rdf1 f5 15. exf5 Bxf5 16. e4 Be6 17. f4 Rhf8 18. Rg5 Rf7 19. Re5 Bd7 20. Bc4 Rg7 21. f5 gxf5 22. exf5 Nxf5 23. Rexf5 Bxf5 24. Rxf5 Rg1+ 25. Rf1 Rg2 26. h3 Rh2 27. Be6 a6 28. Rd1 Rf8 29. Rd2 Rf1+ 30. Nd1 Rhh1 31. Bg4 Rf8 32. c3 h5 33. Bxh5 Rxh3 34. Be2 Rh2 35. Bc4 Rh4 36. Bb3 Rh6 37. Kc2 Rd6 38. Re2 Rfd8 39. Nf2 Ka7 40. Ne4 Re8 41. Bc4 Rd5 42. Bxd5 cxd5 43. Ng3 Rxe2+ 44. Nxe2 c6 45. Kd3 Kb6 46. Kd4 Kc7 47. Ke5 Kd7 48. Nf4 Kc7 49. Ke6 Kc8 50. Kd6 Kd8 51. Ne6+ Kc8 52. Nd4 1-0

[Event "Posadas op"]
[Site "Posadas"]
[Date "2022.10.30"]
[Round "4"]
[White "Cirilli, Luis Mariano"]
[Black "Torales G, Ivan Alejandro B"]
[Result "0-1"]
[WhiteElo "1746"]
[BlackElo "1483"]
[PlyCount "40"]
[EventDate "2022.10.29"]
[EventType "swiss"]
[EventRounds "6"]
[EventCountry "ARG"]
[SourceTitle "EXT 2024"]
[Source "ChessBase"]
[SourceDate "2023.10.10"]
[SourceVersion "1"]
[SourceVersionDate "2023.10.10"]
[SourceQuality "1"]

1. f4 d5 2. Nf3 Nc6 3. e3 Bg4 4. Be2 e6 5. 0-0 Bc5 6. Qe1 d4 7. Qg3 Nf6 8. Kh1 h5 9. exd4 Nxd4 10. Nxd4 Qxd4 11. c3 Qd8 12. Bf3 Bxf3 13. Qxf3 Ng4 14. d4 Qh4 15. h3 Bd6 16. Qxb7 Qg3 17. hxg4 hxg4+ 18. Kg1 Ke7 19. Bd2 Rh2 20. Qxa8 Qh4 0-1

[Event "Posadas Misionera op"]
[Site "Posadas"]
[Date "2022.08.15"]
[Round "5"]
[White "Torales G, Ivan Alejandro B"]
[Black "Alvarez, Miguel1111"]
[Result "0-1"]
[WhiteElo "1311"]
[BlackElo "1924"]
[PlyCount "72"]
[EventDate "2022.08.13"]
[EventType "swiss"]
[EventRounds "6"]
[EventCountry "ARG"]
[SourceTitle "EXT 2023"]
[Source "ChessBase"]
[SourceDate "2022.10.05"]
[SourceVersion "1"]
[SourceVersionDate "2022.10.05"]
[SourceQuality "1"]

1. e4 d6 2. d4 Nf6 3. Nc3 g6 4. Be3 Bg7 5. Qd2 c6 6. Bh6 Bxh6 7. Qxh6 Qb6 8. 0-0-0 Qa5 9. Bc4 d5 10. exd5 cxd5 11. Bb3 Be6 12. Nge2 Nbd7 13. Nf4 0-0-0 14. Nxe6 fxe6 15. Rhe1 Rhe8 16. Rxe6 Nf8 17. Re3 e6 18. Na4 Ng4 19. Qh3 Nxe3 20. fxe3 Qc7 21. Rd3 Kb8 22. Nc5 Qd6 23. c4 Re7 24. Kb1 e5 25. e4 exd4 26. Na4 dxe4 27. c5 Qf4 28. Rd1 e3 29. Bc2 Ne6 30. g3 Qf2 31. Qh4 d3 32. Bb3 e2 33. Rc1 d2 34. Bc2 dxc1Q+ 35. Kxc1 e1Q+ 36. Bd1 Qxd1# 0-1

[Event "Posadas Misionera op"]
[Site "Posadas"]
[Date "2022.08.14"]
[Round "4"]
[White "Sandoval, Nahuel"]
[Black "Torales G, Ivan Alejandro B"]
[Result "0-1"]
[WhiteElo "1635"]
[BlackElo "1311"]
[PlyCount "56"]
[EventDate "2022.08.13"]
[EventType "swiss"]
[EventRounds "6"]
[EventCountry "ARG"]
[SourceTitle "EXT 2023"]
[Source "ChessBase"]
[SourceDate "2022.10.05"]
[SourceVersion "1"]
[SourceVersionDate "2022.10.05"]
[SourceQuality "1"]

1. e4 d5 2. exd5 Nf6 3. Nc3 Nxd5 4. Bc4 e6 5. Qf3 Nxc3 6. dxc3 Bd6 7. Be3 Nc6 8. Qe2 b6 9. Nf3 Bb7 10. 0-0-0 Qe7 11. Bg5 f6 12. Bh4 e5 13. Ba6 0-0-0 14. Rhe1 Qf7 15. Bxb7+ Kxb7 16. Kb1 g5 17. Bg3 Rhe8 18. h3 h5 19. Qe4 f5 20. Qd5 Qg6 21. Qb3 g4 22. hxg4 hxg4 23. Nd2 f4 24. Bh4 Be7 25. Bxe7 Rxe7 26. Nf1 Qe4 27. g3 Red7 28. Rc1 Qxe1 0-1

[Event "Pan American-ch U10"]
[Site "Montevideo"]
[Date "2022.06.26"]
[Round "1"]
[White "Oro, Faustino"]
[Black "Torales G, Ivan Alejandro B"]
[Result "1-0"]
[WhiteElo "2058"]
[BlackElo "1164"]
[PlyCount "87"]
[EventDate "2022.06.26"]
[EventType "swiss"]
[EventRounds "9"]
[EventCountry "URU"]
[SourceTitle "EXT 2023"]
[Source "ChessBase"]
[SourceDate "2022.10.05"]
[SourceVersion "1"]
[SourceVersionDate "2022.10.05"]
[SourceQuality "1"]

1. e4 d6 2. d4 g6 3. Nc3 Nf6 4. f4 Bg7 5. Nf3 0-0 6. Bd3 Nc6 7. 0-0 Bg4 8. Be3 e5 9. d5 Nb8 10. fxe5 dxe5 11. h3 Bxf3 12. Qxf3 Nbd7 13. Ne2 Qe7 14. c4 Nc5 15. Bc2 Rad8 16. b4 Ncd7 17. c5 Rfe8 18. c6 bxc6 19. dxc6 Nb6 20. Bg5 Rd6 21. b5 h6 22. Bh4 Re6 23. Bb3 Rd6 24. a4 Red8 25. Nc1 g5 26. Bf2 Qe8 27. Ra2 h5 28. Qf5 Nh7 29. Bxf7+ Qxf7 30. Qxf7+ Kxf7 31. Bxb6+ Nf6 32. Bxc7 Rd4 33. Bxd8 Rxd8 34. Nb3 Bf8 35. a5 Rb8 36. c7 Rc8 37. b6 axb6 38. axb6 Ke6 39. b7 Rxc7 40. b8Q Rc3 41. Ra6+ Kf7 42. Raxf6+ Kg7 43. Qxf8+ Kh7 44. Rh6# 1-0

[Event "Asuncion Fernando Memorial"]
[Site "Asuncion"]
[Date "2021.08.27"]
[Round "1"]
[White "Torales G, Ivan Alejandro B"]
[Black "Heinechen, John"]
[Result "0-1"]
[WhiteElo "1061"]
[BlackElo "1978"]
[PlyCount "76"]
[EventDate "2021.08.27"]
[EventType "swiss"]
[EventRounds "7"]
[EventCountry "PAR"]
[SourceTitle "EXT 2022"]
[Source "ChessBase"]
[SourceDate "2021.10.06"]
[SourceVersion "1"]
[SourceVersionDate "2021.10.06"]
[SourceQuality "1"]

1. e4 c5 2. Nf3 Nc6 3. c3 Nf6 4. e5 Nd5 5. Bc4 Nb6 6. Bb3 c4 7. Bc2 g6 8. d4 cxd3 9. Qxd3 Bg7 10. 0-0 0-0 11. Bf4 h6 12. Nbd2 d5 13. Nh4 Qc7 14. Nxg6 fxg6 15. Qxg6 Rxf4 16. Qe8+ Rf8 17. Qg6 Rf7 18. e6 Rf6 19. Qe8+ Bf8 20. Rae1 Bxe6 21. Qh5 Qd7 22. Re3 Bf5 23. Bb3 Bg7 24. Ne4 Bxe4 25. Rxe4 Qf5 26. Qe2 e6 27. Re3 Nc4 28. Rf3 Qe5 29. Bxc4 Rxf3 30. Qxf3 dxc4 31. g3 Rf8 32. Qg4 Qf5 33. Qxc4 Ne5 34. Qb4 Qh3 35. f4 Ng4 36. Rf3 Qxh2+ 37. Kf1 Qh1+ 38. Ke2 Qg2+ 0-1

[Event "Wch FIDE Online U10 America qual"]
[Site "Tornelo INT"]
[Date "2020.12.02"]
[Round "3"]
[White "Shergil, Ronak"]
[Black "Torales G, Ivan Alejandro B"]
[Result "0-1"]
[WhiteElo "1003"]
[BlackElo "1088"]
[PlyCount "162"]
[EventDate "2020.12.01"]
[EventType "swiss (rapid)"]
[EventRounds "7"]
[EventCountry "ISS"]
[SourceTitle "EXT 2022"]
[Source "ChessBase"]
[SourceDate "2021.10.06"]
[SourceVersion "1"]
[SourceVersionDate "2021.10.06"]
[SourceQuality "1"]

1. d4 d5 2. c4 c6 3. Nc3 Nf6 4. Nf3 Bg4 5. Bf4 e6 6. h3 Bxf3 7. exf3 Bb4 8. Bd3 dxc4 9. Bxc4 b5 10. Bb3 a5 11. a3 Bd6 12. Bg5 a4 13. Ba2 b4 14. Ne4 Be7 15. axb4 Bxb4+ 16. Nc3 a3 17. Qd3 axb2 18. Rb1 Rxa2 19. 0-0 Bxc3 20. Qxc3 Nd5 21. Qb3 Qxg5 22. Qxa2 Nc3 23. Qxb2 Nxb1 24. Qxb8+ Qd8 25. Qxb1 0-0 26. Qe4 Qd6 27. Rc1 Rc8 28. Qe5 Qd7 29. Kh2 Qc7 30. Qxc7 Rxc7 31. Kg3 Kf8 32. Kf4 Ke7 33. Ke4 Kd6 34. g4 g6 35. f4 f5+ 36. gxf5 gxf5+ 37. Ke3 Kd5 38. Rc5+ Kd6 39. Kd3 Rg7 40. Ke3 Rg2 41. Kf3 Rg6 42. Re5 h5 43. Rc5 Rg1 44. Rc4 Re1 45. Ra4 Re4 46. Ra8 Rxd4 47. Rd8+ Kc5 48. Rc8 Rd6 49. Ke3 Kc4 50. f3 c5 51. Ra8 Rd3+ 52. Ke2 Rb3 53. Ra2 Kc3 54. Ra1 Rb2+ 55. Kd1 c4 56. Rc1+ Kb3 57. Ra1 c3 58. Rc1 c2+ 59. Kd2 Ra2 60. h4 Rb2 61. Kd3 Ra2 62. Kd2 Ra4 63. Rxc2 Rxf4 64. Rc3+ Kb4 65. Re3 Rxh4 66. Rxe6 Rf4 67. Ke3 Rc4 68. Re5 Rc5 69. Rxc5 Kxc5 70. Kf4 h4 71. Kxf5 h3 72. Kg5 h2 73. f4 h1Q 74. f5 Qh8 75. Kg6 Qf8 76. f6 Kd6 77. f7 Ke6 78. Kh7 Qxf7+ 79. Kh8 Qe7 80. Kg8 Kf6 81. Kh8 Qg7# 0-1

[Event "PAR-ch sf"]
[Site "Asuncion"]
[Date "2019.09.07"]
[Round "3"]
[White "Torales G, Ivan Alejandro B"]
[Black "Encina, Alfred"]
[Result "0-1"]
[WhiteElo "1068"]
[BlackElo "1801"]
[PlyCount "65"]
[EventDate "2019.09.06"]
[EventType "swiss"]
[EventRounds "9"]
[EventCountry "PAR"]
[SourceTitle "EXT 2020"]
[Source "ChessBase"]
[SourceDate "2019.10.17"]
[SourceVersion "1"]
[SourceVersionDate "2019.10.17"]
[SourceQuality "1"]

1. e4 c5 2. Nc3 g6 3. g3 Bg7 4. Bg2 e5 5. Nf3 d6 6. 0-0 Nc6 7. d3 Nge7 8. Bg5 h6 9. Bxe7 Nxe7 10. Re1 0-0 11. Nd5 Nxd5 12. exd5 b5 13. c3 Kh7 14. a4 Qb6 15. axb5 Qxb5 16. Qc2 a6 17. c4 Qb6 18. Reb1 Bd7 19. h3 f5 20. Kh2 Rfb8 21. Nh4 Qd8 22. Nf3 a5 23. b3 e4 24. dxe4 Bxa1 25. Rxa1 fxe4 26. Qxe4 Rxb3 27. Nh4 Qf6 28. Qc2 Rb2 29. Qd3 Rxf2 30. Kg1 Bf5 31. Nxf5 Rxf5 32. g4 Qxa1+ 33. Kh2 0-1

[Event "Asuncion DTA op 6th"]
[Site "Asuncion"]
[Date "2019.08.03"]
[Round "4"]
[White "Torales G, Ivan Alejandro B"]
[Black "Lopez Bobadilla, Fernando"]
[Result "0-1"]
[WhiteElo "1033"]
[BlackElo "1190"]
[PlyCount "76"]
[EventDate "2019.08.01"]
[EventType "swiss"]
[EventRounds "7"]
[EventCountry "PAR"]
[SourceTitle "EXT 2020"]
[Source "ChessBase"]
[SourceDate "2019.10.17"]
[SourceVersion "1"]
[SourceVersionDate "2019.10.17"]
[SourceQuality "1"]

1. e4 d5 2. exd5 Nf6 3. Nc3 c6 4. Bc4 b5 5. Be2 cxd5 6. Nxb5 Nc6 7. d3 e5 8. Nf3 a6 9. Nc3 Bb4 10. Bd2 Bf5 11. a3 Ba5 12. b4 Bc7 13. 0-0 0-0 14. Bg5 h6 15. Bxf6 Qxf6 16. Nxd5 Qd6 17. Nxc7 Qxc7 18. d4 e4 19. Nd2 Nxd4 20. Nxe4 Nxe2+ 21. Qxe2 Rfe8 22. f3 Bxe4 23. fxe4 Qc3 24. Qf2 f6 25. Qf5 Qd4+ 26. Kh1 Rxe4 27. Qf3 Rae8 28. Qb3+ Kh8 29. Rad1 Qxd1 30. Kg1 Qd4+ 31. Kh1 Re1 32. Qf3 Qe3 33. Qf5 Rxf1+ 34. Qxf1 Qxa3 35. h3 Qxb4 36. Qxa6 Re1+ 37. Kh2 Qf4+ 38. g3 Qf2# 0-1